| 000 | 00486nam a22001817a 4500 | ||
|---|---|---|---|
| 003 | OSt | ||
| 005 | 20160215100216.0 | ||
| 008 | 130909t xxu||||| |||| 00| 0 eng d | ||
| 020 | _a0006496466 | ||
| 050 |
_aPZ 3 _b.Ar671 1998 |
||
| 082 |
_aFIC Ar2e _b1998 |
||
| 100 |
_aArcher, Jeffrey _917285 |
||
| 245 |
_aThe eleventh commandment _cJeffrey Archer |
||
| 260 |
_aLondon : _bharper Collins Publisher. _cc1998. |
||
| 300 |
_a370 p. : _c18 cm. |
||
| 942 |
_2lcc _cBK |
||
| 999 |
_c10691 _d10691 |
||